000
00272nam a2200109Ia 4500
008
190216s9999||||xx |||||||||||||| ||und||
100
_a
Stephen G Kochan And Patrick H Wood
245
0
_a
Programming In C
260
_b
Cbs Publishers
_c
1987
650
_a
Computer
942
_c
BK
999
_c
8464
_d
8464